Drużyny Ekstraklasy w piłce nożnej na sezon 2022/23. - Statystyki

Ogólne statystyki
  • Ten quiz został rozwiązany 475 razy
  • Średni wynik to 13 z 18
Statystyki odpowiedzi
alfabetycznie Drużyny % Poprawnych
7 Legia Warszawa
98%
5 Lech Poznań
96%
12 Raków Częstochowa
89%
6 Lechia Gdańsk
80%
10 Pogoń Szczecin
77%
1 Cracovia
72%
14 Śląsk Wrocław
71%
3 Jagiellonia Białystok
69%
16 Widzew Łódź
69%
17 Wisła Płock
66%
2 Górnik Zabrze
64%
8 Miedź Legnica
64%
15 Warta Poznań
64%
18 Zagłębie Lubin
64%
4 Korona Kielce
63%
11 Radomiak Radom
61%
9 Piast Gliwice
57%
13 Stal Mielec
54%
Nie znaleziono quizów pasujących do podanych kryteriów
Rozkład punktacji
Procent ludzi z każdym wynikiem
Percentyl według liczby udzielonych odpowiedzi
Twoja historia wyników
Nie rozwiązałeś tego quizu